TİAMAT (Record no. 1207502)

MARC details
000 -LEADER
sabit uzunluktaki kontrol alanı 00238nam a2200097Ia 4500
001 - KONTROL NUMARASI
kontrol alanı 1207502
005 - EN SON İŞLEMİN TARİH VE ZAMANI
kontrol alanı 20250827022827.0
008 - SABİT-UZUNLUKTA VERİ ÖĞELERİ--GENEL BİLGİ
sabit uzunluktaki kontrol alanı 250824s9999 xx 000 0 und d
245 #0 - ESER / YAZAR
ESER ADI TİAMAT
Yazar Adı İHSAN OKTAY ANAR
260 ## - YAYIN, DAĞITIM, VB.
YAYIN EVİ EVEREST YAYINLARI
Holdings
Düşüm durumu Kayıp durumu Sınıflandırma Kaynağı veya raf şeması Hasar Durumu Ödünç verilmez Ana kütüphane Geçerli Kütüphane Edinilen tarih Toplam ödünç verme sayısı Tam yer numarası Barkod Son görüntüleme tarihi Fiyatın geçerli olmaya başladığı tarih Koha materyal türü
    Dewey Ondalık Sınıflama     KONYA ATATÜRK ANADOLU LİSESİ KONYA ATATÜRK ANADOLU LİSESİ 24.08.2025   H-3 11011651 27.08.2025 27.08.2025 Books